1458 1350 1661 1774 1056 1068 1725 1404 1701 2000 1277 1880 1510 1705 1554 1281 1835 1765 1798 1553 1356 1837 1208 1107 1744 1328 1167 1152 1937 1878 1623 1502 1790 1953 1807 1442 1126 1244 1519 1243 1458 1283 1779 1301 1292 1204 1337 1372 1975 1716 1830 1944 1436 1289 1539 1217 1103 1622 1936 1597 1101 1143 1508 1567 1841 1264 1440 1626 1396 1831 1448 1932 1548 1434 1476 1713 1832 1016 1372 1824 1866 1882 1295 1181 1423 1626 1059 1422 1110 1091 1886 1163 1660 1058 1763 1244 1969 1934 1634 BCNSPRNW ULIB Ver.6.0+V

เปลี่ยนเป็นภาษาไทย

Change to English
 แสดงรายละเอียดบรรณานุกรม
  กลับหน้าหลัก

Brief Record : Get Marc (ISO 2709) : E-mail record : QR code < ปิดหน้าต่าง
LEADER : 00000nas 2200000uu 4500
001    13399124319
003     ULIB
008    020711s|||| th a 000 0 tha d
022    08578575
110    กรมควบคุมโรค
245    วารสารโรคเอดส์(วิทยาเขตนครสวรรค์)/^cกรมควบคุมโรค
260    นนทบุรี :^bกรมควบคุมโรค,^cม.ป.ป.
300    ^b26 ซม.
310    ^aรายสี่เดือน
850 ^a ULIB:campus^bปีที่ 30 ฉบับที่ 2 ฉ.1 ;ปีที่ 30 ฉบับที่ 3 ฉ.1 ;ปีที่ 27 ฉบับที่ 1 ฉ.1 ;ปีที่ 27 ฉบับที่ 2 ฉ.1 ;ปีที่ 28 ฉบับที่ 1 ฉ.1 ;ปีที่ 31 ฉบับที่ 2 ฉ.1 ;ปีที่ 31 ฉบับที่ 2 ฉ.1
850 ^a ULIB^bปีที่ 29 ฉบับที่ 3 ฉ.1
945    ^p0^l0^i802222
945    ^p0^l0^i802300
945    ^p0^l0^i801196
945    ^p0^l0^i801342
945    ^p0^l0^i801595
945    ^p0^l0^i904615
945    ^p0^l0^i802387
945    ^p0^l0^i802388
999    ^aทศพร เกษรทอง
รายการนี้ยังไม่มีแท็ก
คุณยังไม่ได้ล็อกอิน คุณสามารถมีกิจกรรมร่วมกับเว็บไซต์ได้ แต่ต้องล็อกอินก่อน ::
  ล็อกอิน

รายการสื่อสารสนเทศ (วารสาร)

ดูแบบ: กล่อง รายการ
ARRIVED
ปีที่ 27 ฉบับที่ 1 ฉ.1
สถานที่: ห้องสมุดวิทยาเขตนครสวรรค์ >วารสาร
ARRIVED
ปีที่ 27 ฉบับที่ 2 ฉ.1
สถานที่: ห้องสมุดวิทยาเขตนครสวรรค์ >วารสาร
ARRIVED
ปีที่ 28 ฉบับที่ 1 ฉ.1
สถานที่: ห้องสมุดวิทยาเขตนครสวรรค์ >วารสาร
ARRIVED
ปีที่ 29 ฉบับที่ 3 ฉ.1
สถานที่: ห้องสมุดวิทยาเขตสวรรค์ประชารักษ์ >วารสาร
ARRIVED
ปีที่ 30 ฉบับที่ 2 ฉ.1
สถานที่: ห้องสมุดวิทยาเขตนครสวรรค์ >วารสาร
ARRIVED
ปีที่ 30 ฉบับที่ 3 ฉ.1
สถานที่: ห้องสมุดวิทยาเขตนครสวรรค์ >วารสาร
ARRIVED
ปีที่ 31 ฉบับที่ 2 ฉ.1
สถานที่: ห้องสมุดวิทยาเขตนครสวรรค์ >วารสาร

BibComment


ยังไม่เคยถูกคอมเมนท์

คอมเมนท์ทรัพยากรรายการนี้
  คอมเมนท์: วารสารโรคเอดส์วิท..


 Copyright 2026. Bcnsprnw @Library